000 00400nam a2200157Ia 4500
003 Ost
005 20260225132553.0
008 260225s9999||||xx |||||||||||||| ||und||
040 _cfsic
041 _afre
082 _a440
100 _aSolange ghernaouti -hélie
_eAuteur
245 0 _ade l'ordinateur à la société de l'information /
245 0 _cSolange ghernaouti -hélie
942 _cكتاب
999 _c34303
_d34303